Her Majesty's Overseas Civil Service: statement of policy regarding overseas officers serving in Nigeria (Record no. 396562)

000 -LEADER
fixed length control field 00448cam a22001097a 4500
008 - FIXED-LENGTH DATA ELEMENTS--GENERAL INFORMATION
fixed length control field 180718b1958 xxu||||| |||| 00| 0 eng d
082 ## - DEWEY DECIMAL CLASSIFICATION NUMBER
Classification number K12x42
245 ## - TITLE STATEMENT
Title Her Majesty's Overseas Civil Service: statement of policy regarding overseas officers serving in Nigeria
Statement of responsibility, etc. by Her Majesty's Overseas Civil Service, Nigeria
260 ## - PUBLICATION, DISTRIBUTION, ETC.
Place of publication, distribution, etc. London
Name of publisher, distributor, etc. Her Majesty's Stationery Officer
Date of publication, distribution, etc. 1958
300 ## - PHYSICAL DESCRIPTION
Extent 8p.
700 ## - ADDED ENTRY--PERSONAL NAME
Personal name Nigeria. Her Majesty's Overseas Civil Service
Holdings
Withdrawn status Lost status Damaged status Not for loan Permanent Location Current Location Date acquired Full call number Barcode Date last seen Price effective from Koha item type
        Indian Institute of Public Administration Indian Institute of Public Administration 2001-03-07 K12x42 13761 2018-07-21 2018-07-21 Book

Powered by Koha